| 000 | 00387nam a2200157Ia 4500 | ||
|---|---|---|---|
| 003 | OSt | ||
| 005 | 20240219115306.0 | ||
| 008 | 170524s9999 xx 000 0 und d | ||
| 020 | _a 978-0195136050 | ||
| 040 | _cIIMT UNIVERSITY | ||
| 100 | _aCampell SA | ||
| 245 | 4 | _aThe Science and Engineering Of Microelectronics Fabrication | |
| 260 | _bOxford | ||
| 260 | _c2008 | ||
| 942 |
_2ddc _c02 |
||
| 999 |
_c4868 _d4868 |
||